|
|
|
|
| LEADER |
03236nam a22003977a 4500 |
| 001 |
41597 |
| 003 |
BD-DhAAL |
| 008 |
230803t2022 bg ||||| |||| 00| 0 ben d |
| 020 |
|
|
|a 9789849531098
|
| 040 |
|
|
|a BD-DhAAL
|c BD-DhAAL
|
| 041 |
|
|
|a ben
|
| 082 |
|
|
|a 954.1403140924
|
| 100 |
|
|
|a রহমান, মো. আজিজুর.
|9 55099
|
| 245 |
|
|
|a তিতুমীর :
|b জীবন ও কর্ম /
|c মো. আজিজুর রহমান নয়ন.
|
| 246 |
|
|
|a Titumir :
|b jibon o kormo
|
| 260 |
|
|
|b ঢাকা :
|a কালো,
|c ২০২২.
|
| 300 |
|
|
|a ৮০ পৃষ্ঠা :
|b চিত্র ;
|c ২২ সে.মি.
|
| 504 |
|
|
|a গ্রন্থপঞ্জিগত নির্দেশিকা অন্তর্ভুক্ত।
|
| 526 |
|
|
|a GenEd
|
| 541 |
|
|
|a Development Book Agency
|e 41597, 41598, 41599, 41600, 41601, 41602, 41603, 41604, 41605, 41606
|
| 600 |
|
|
|a Titto Meer,
|d 1782-1831.
|9 49262
|
| 651 |
|
|
|a Bengal (India)
|v Biography.
|9 16587
|
| 651 |
|
|
|a Bengal (India)
|x History.
|
| 852 |
|
|
|a Ayesha Abed Library
|c General Stacks
|
| 942 |
|
|
|c BK
|2 ddc
|
| 999 |
|
|
|c 45988
|d 45988
|
| 952 |
|
|
|0 0
|1 0
|2 ddc
|4 0
|6 954_140314092400000_RAH
|7 0
|9 74052
|a SCL
|b SCL
|c GEN
|d 2023-07-16
|e Development Book Agency
|g 270.00
|l 6
|m 2
|o 954.1403140924 RAH
|p 3020041599
|r 2025-03-18
|s 2025-03-14
|t 3
|v 270.00
|w 2023-07-16
|y BK
|
| 952 |
|
|
|0 0
|1 0
|2 ddc
|4 0
|6 954_140314092400000_RAH
|7 0
|9 74053
|a SCL
|b SCL
|c GEN
|d 2023-07-16
|e Development Book Agency
|g 270.00
|l 8
|o 954.1403140924 RAH
|p 3020041598
|r 2025-03-09
|s 2025-03-09
|t 2
|v 270.00
|w 2023-07-16
|y BK
|
| 952 |
|
|
|0 0
|1 0
|2 ddc
|4 0
|6 954_140314092400000_RAH
|7 0
|9 74054
|a SCL
|b SCL
|c GEN
|d 2023-07-16
|e Development Book Agency
|g 270.00
|l 7
|o 954.1403140924 RAH
|p 3020041603
|r 2025-03-13
|s 2025-03-10
|t 7
|v 270.00
|w 2023-07-16
|y BK
|
| 952 |
|
|
|0 0
|1 0
|2 ddc
|4 0
|6 954_140314092400000_RAH
|7 0
|9 74055
|a SCL
|b SCL
|c GEN
|d 2023-07-16
|e Development Book Agency
|g 270.00
|l 2
|o 954.1403140924 RAH
|p 3020041605
|r 2024-12-04
|s 2024-10-22
|t 9
|v 270.00
|w 2023-07-16
|y BK
|
| 952 |
|
|
|0 0
|1 0
|2 ddc
|4 0
|6 954_140314092400000_RAH
|7 0
|9 74056
|a SCL
|b SCL
|c GEN
|d 2023-07-16
|e Development Book Agency
|g 270.00
|l 4
|o 954.1403140924 RAH
|p 3020041604
|r 2025-03-08
|s 2025-03-07
|t 8
|v 270.00
|w 2023-07-16
|y BK
|
| 952 |
|
|
|0 0
|1 0
|2 ddc
|4 0
|6 954_140314092400000_RAH
|7 0
|9 74057
|a SCL
|b SCL
|c GEN
|d 2023-07-16
|e Development Book Agency
|g 270.00
|l 5
|m 1
|o 954.1403140924 RAH
|p 3020041602
|r 2025-03-15
|s 2025-03-10
|t 6
|v 270.00
|w 2023-07-16
|y BK
|
| 952 |
|
|
|0 0
|1 0
|2 ddc
|4 0
|6 954_140314092400000_RAH
|7 0
|9 74058
|a SCL
|b SCL
|c GEN
|d 2023-07-16
|e Development Book Agency
|g 270.00
|l 4
|m 3
|o 954.1403140924 RAH
|p 3020041597
|r 2025-04-06
|s 2025-03-09
|t 1
|v 270.00
|w 2023-07-16
|y BK
|
| 952 |
|
|
|0 0
|1 0
|2 ddc
|4 0
|6 954_140314092400000_RAH
|7 0
|9 74059
|a SCL
|b SCL
|c GEN
|d 2023-07-16
|e Development Book Agency
|g 270.00
|l 5
|o 954.1403140924 RAH
|p 3020041600
|r 2024-12-04
|s 2024-12-01
|t 4
|v 270.00
|w 2023-07-16
|y BK
|
| 952 |
|
|
|0 0
|1 0
|2 ddc
|4 0
|6 954_140314092400000_RAH
|7 0
|9 74060
|a SCL
|b SCL
|c GEN
|d 2023-07-16
|e Development Book Agency
|g 270.00
|l 6
|m 9
|o 954.1403140924 RAH
|p 3020041601
|r 2024-10-24
|s 2024-10-24
|t 5
|v 270.00
|w 2023-07-16
|y BK
|
| 952 |
|
|
|0 0
|1 0
|2 ddc
|4 0
|6 954_140314092400000_RAH
|7 0
|9 74061
|a SCL
|b SCL
|c GEN
|d 2023-07-16
|e Development Book Agency
|g 270.00
|l 5
|m 6
|o 954.1403140924 RAH
|p 3020041606
|r 2025-03-24
|s 2025-02-23
|t 10
|v 270.00
|w 2023-07-16
|y BK
|